000 00758nam a22002417a 4500
001 2696
003 HMS
005 20250822121804.0
008 250822e2010 spaa|||frnotu 001 0 spa
020 _a9788480866965
020 _a9781416024453
040 _aHMS
_bSPA
_cHMS
050 0 4 _aWV168
_bM996
245 0 0 _aOtorrinolaringología quirúrgica :
_bcirugia de cabeza y cuello /
_cEditor, Eugene N. Myers
_h[libro]
_nvolumen 2
250 _a2ª edición
260 _aBarcelona, España :
_bElsevier Saunders,
_cc 2010
300 _avol., :
_bilustraciones ;
_c28 cm.
490 1 _aExpert Consult
500 _aIncluye índice
504 _aIncluye bibliografías
650 7 _aOPERATORIA OTORRINOLARINGOLOGIA
_xCIRUGIA
_94041
942 _2lcc
_cCOL. RES.
_n0
999 _c2696
_d2696